|
|
|
|
| LEADER |
00000cam a2200000 7i4500 |
| 001 |
0000016504 |
| 005 |
20241028.0 |
| 008 |
231205 nyua eng |
| 020 |
|
|
|a 0072131446 (pbk)
|
| 040 |
|
|
|a INS
|b eng
|e rda
|
| 090 |
0 |
0 |
|a TR897.7
|b .C35 2001
|
| 100 |
1 |
|
|a Caldwell, Jim ,
|e author
|
| 245 |
1 |
0 |
|a Instant Macromedia Flash 5
|c Jim Caldwell, Samuel Wan
|
| 264 |
|
1 |
|a New York :
|b Osborne/McGraw-Hilll
|c 2001
|
| 264 |
|
4 |
|c ©2001
|
| 300 |
|
|
|a xxiii, 484 pages :
|b illustrations ;
|c 23 cm.
|
| 336 |
|
|
|a text
|2 rdacontent
|
| 337 |
|
|
|a unmediated
|2 rdamedia
|
| 338 |
|
|
|a volume
|2 rdacarrier
|
| 500 |
|
|
|a Includes index
|
| 650 |
|
0 |
|a Computer animation
|
| 650 |
|
0 |
|a Flash (Computer file)
|
| 650 |
|
0 |
|a Web sites
|x Design
|
| 700 |
1 |
|
|a Wan, Samuel ,
|e author
|
| 999 |
|
|
|a 0000016171
|b BOOK
|c Open Shelf
|e Default branch
|